00481nam a2200169Ia 4500020001800000082001600018100001800034245007300052260004100125300001200166504003600178650001800214650002800232650001800260650002000278650001300298 a9780803985186 a303.4 WAL-G aWalby, Sylvia 0aGlobalization and inequalities: complexity and contested modernities aLos AngelesbSage Publicationsc2009 axi, 508 aincludes bibliography and index aGlobalization aPolitical Socialization aSocial change aSocial conflict aEquality